| 000 | 005820000a22001810004500 | ||
|---|---|---|---|
| 003 | MACL | ||
| 005 | 20160130154230.0 | ||
| 008 | 160130b xxu||||| |||| 00| 0 eng d | ||
| 040 |
_aMACL _cMACL |
||
| 041 | _aHindi | ||
| 082 | _a346.029/BAB | ||
| 100 |
_aडॉ बसन्ती लाल बाबेल _933690 |
||
| 245 | _aभारतीय संविदा अधिनियम | ||
| 260 |
_bसेन्ट्रल लॉ एजेन्सी _c1998 _aइलाहाबाद |
||
| 350 | _a75 | ||
| 650 |
_aLaw _936246 |
||
| 942 |
_cHIN _k346.029 /BAB _2ddc |
||
| 999 |
_c30736 _d30736 |
||